00341nam a2200133Ia 4500008004100000020001500041041001200056082001600068100001200084245004800096260004800144300000800192650000700200221030s9999 xx 000 0 und d a0852268858 aEnglish a105.23bSie aSiemens 0aElectrical Engineering Handbookcby Siemens bNew Age International Pub.aNew Delhic1999 a749 aEE